000 00768nam a2200277 i 4500
001 C2-0246171
003 PPAK
005 20180727211004.0
008 030322s1998 my |||| ||||| | may d
020 _a9837408545
040 _aPPAK
_beng
_cPPAK
_erda
082 0 4 _a153.35
_223
090 0 0 _a153.35
_bSOM
_dG
100 0 _aSom Hj. Nor,
_eauthor
245 1 0 _aKemahiran berfikir secara kritis & kreatif (KBKK)
264 1 _aPetaling Jaya, Selangor :
_bLongman ,
_c1998
300 _avi, 345 pages ;
_c23 cm
336 _2rdacontent
_atext
337 _2rdamedia
_aunmediated
338 _2rdacarrier
_avolume
490 1 _aSiri pendidikan Longman
650 1 0 _aCreative thinking
700 _eauthor
830 0 _aSiri pendidikan Longman
942 _ddc
_cB
999 _c60141
_d60141